The treasure of the orkins / (Record no. 21556)

MARC details
000 -LEADER
fixed length control field 02717nam a22004457a 4500
005 - DATE AND TIME OF LATEST TRANSACTION
control field 20090120111014.0
008 - FIXED-LENGTH DATA ELEMENTS--GENERAL INFORMATION
fixed length control field 090120t xxu||||| |||| 00| 0 eng d
010 ## - LCCN (DPL NO)
LC control number B-357812
020 ## - INTERNATIONAL STANDARD BOOK NUMBER
International Standard Book Number 0439902533
Terms of availability 110.00
020 ## - INTERNATIONAL STANDARD BOOK NUMBER
International Standard Book Number 9780439902533
Terms of availability 110.00
035 ## - SYSTEM CONTROL NUMBER
System control number B-357812
035 ## - SYSTEM CONTROL NUMBER
System control number B-345495-501
037 ## - SOURCE OF ACQUISITION
Source of stock number/acquisition Tarun Books
040 ## - CATALOGING SOURCE
Original cataloging agency DPL
Language of cataloging English
082 ## - DEWEY DECIMAL CLASSIFICATION NUMBER
Classification number S
100 ## - MAIN ENTRY--PERSONAL NAME
Personal name Abbott, Tony
245 ## - TITLE STATEMENT
Title The treasure of the orkins /
Statement of responsibility, etc by Tony Abbott; illustrated by Royce Fitzgerald
260 ## - PUBLICATION, DISTRIBUTION, ETC. (IMPRINT)
Place of publication, distribution, etc New York
Name of publisher, distributor, etc Scholastic
Date of publication, distribution, etc 2008(rper.).
270 ## - ADDRESS
Address 557 Broadway
City New York
Postal code NY 10012
300 ## - PHYSICAL DESCRIPTION
Extent 120p. :
Other physical details ill.
Dimensions 20cm(pbk)
440 ## - SERIES STATEMENT/ADDED ENTRY--TITLE
Title Little apple
490 ## - SERIES STATEMENT
Series statement The secrets of Droon
Volume number/sequential designation 32
650 ## - SUBJECT ADDED ENTRY--TOPICAL TERM
Topical term or geographic name as entry element Droon (Imaginary place)
Form subdivision Juvenile fiction.
650 ## - SUBJECT ADDED ENTRY--TOPICAL TERM
Topical term or geographic name as entry element Magic
Form subdivision Juvenile fiction.
650 ## - SUBJECT ADDED ENTRY--TOPICAL TERM
Topical term or geographic name as entry element Treasure troves
Form subdivision Juvenile fiction.
650 ## - SUBJECT ADDED ENTRY--TOPICAL TERM
Topical term or geographic name as entry element Fantasy.
655 ## - INDEX TERM--GENRE/FORM
Genre/form data or focus term Fantasy fiction
Form subdivision Juvenile fiction.
700 ## - ADDED ENTRY--PERSONAL NAME
Personal name Fitzgerald, Royce
942 ## - ADDED ENTRY ELEMENTS (KOHA)
Source of classification or shelving scheme Dewey Decimal Classification
Item type Children Books
Classification part S
Call number suffix ABB
Holdings
Withdrawn status Lost status Source of classification or shelving scheme Damaged status Not for loan Collection code Home library Current library Date acquired Source of acquisition Cost, normal purchase price Total Checkouts Total Renewals Full call number Barcode Date last seen Copy number Cost, replacement price Koha item type Checked out
  Written-off vide DLB M. No. 383 dt 16.05.19 Dewey Decimal Classification     Fiction Central Library Central Library 29/09/2009 Tarun Books/3947/21.5.09/13/23.4.09/4.7.09 110.00     S ABB B-345495 29/09/2009 1 110.00 Children Books  
    Dewey Decimal Classification     Fiction Vinoba Puri D.B.Act.Division 29/09/2009 Tarun Books/3947/21.5.09/13/23.4.09/4.7.09 110.00 4   S ABB B-345499 17/02/2011 1 110.00 Children Books 03/03/2011
    Dewey Decimal Classification     Fiction Janak Puri Janak Puri 22/09/2009 Tarun Books/4121/9.9.09/89/2.9.09/11.9.09 110.00 20 1 S ABB B-357812 28/01/2021 1 110.00 Children Books  
  Lost and Paid For Dewey Decimal Classification     Fiction Jor Bagh (Children Lib) Jor Bagh (Children Lib) 29/09/2009 Tarun Books/3947/21.5.09/13/23.4.09/4.7.09 110.00     S ABB B-345498 29/09/2009 1 110.00 Children Books  
    Dewey Decimal Classification     Fiction Karol Bagh Karol Bagh 29/09/2009 Tarun Books/3947/21.5.09/13/23.4.09/4.7.09 110.00     S ABB B-345500 29/09/2009 1 110.00 Children Books  
    Dewey Decimal Classification     Fiction Patel Nagar Patel Nagar 29/09/2009 Tarun Books/3947/21.5.09/13/23.4.09/4.7.09 110.00 1   S ABB B-345496 01/04/2019 1 110.00 Children Books  
    Dewey Decimal Classification     Fiction Sarojini Nagar Sarojini Nagar 29/09/2009 Tarun Books/3947/21.5.09/13/23.4.09/4.7.09 110.00 1   S ABB B-345497 18/11/2018 1 110.00 Children Books  
    Dewey Decimal Classification     Fiction Shahdara Branch Shahdara Branch 29/09/2009 Tarun Books/3947/21.5.09/13/23.4.09/4.7.09 110.00 1   S ABB B-345501 23/03/2024 1 110.00 Children Books  

© Delhi Public Library
Hit Counter
free hit counter